| 000 | 01217 a2200217 4500 | ||
|---|---|---|---|
| 003 | Nust | ||
| 005 | 20170207152517.0 | ||
| 010 | _a 83012626 | ||
| 020 | _a0060453125 | ||
| 040 | _cNust | ||
| 082 | 0 | 0 | _a001.64 |
| 100 | 1 | _aRafiquzzaman, Mohamed. | |
| 245 | 1 | 0 |
_aMicroprocessors and microcomputer development systems : _bdesigning microprocessor-based systems / _cMohamed Rafiquzzaman. |
| 260 |
_aNew York : _bHarper & Row, _cc1984. |
||
| 300 |
_axv, 679 p. : _bill. ; _c25 cm. |
||
| 505 | _aIntroduction to Microprocessor Development Systems and Microprocessor Based Design (Page-1)Microcomputers Fundamentals (Page-13)Microcomputer System Hardware and I/O Techniques (Page-43) Typical 8-Bit Microprocessors and Microcomputers (Page-65) 8085 Inputs /Outputs (Page-145) Intel 8086 and ZILOG Z8000(Page-165) Motorola 68000 and Intel 432 (Page-215) Typical Microprocessor Interface Chips (Page-291)Fundamentals of Microprocessors Development Systems (Page-341)Popular Microprocomputers Development Systems (Page-287)The Hewlett Packard HP 64000(Page-457)Design Problems (Page-545) | ||
| 538 | _aAlmirah No. 2 and Shelf No. 5 | ||
| 650 | 0 | _aMicrocomputers. | |
| 650 | 0 | _aMicroprocessors. | |
| 650 | 0 | _aSystem design. | |
| 942 |
_2ddc _cBK |
||
| 999 |
_c176114 _d176114 |
||